Dinosaurs: Carnivore or Herbivore? Quiz Stats

 Plays Quiz Updated Mar 18, 2020

Support Sporcle.
Go Orange.
Score 0/16 Timer 04:00
5 Plays Today
Question Answer Wrong Answers
Tyrannosaurus rex Carnivore
98.3%
Herbivore
1.7%
Velociraptor Carnivore
94.9%
Herbivore
4.2%
Triceratops Herbivore
93%
Carnivore
5.2%
Brachiosaurus Herbivore
85.9%
Carnivore
7.5%
Stegosaurus Herbivore
83.2%
Carnivore
9.1%
Diplodocus Herbivore
78.4%
Carnivore
14.1%
Argentinosaurus Herbivore
76.1%
Carnivore
21.5%
Carcharodontosaurus Carnivore
75.2%
Herbivore
18.8%
Ankylosaurus Herbivore
74.1%
Carnivore
20.8%
Iguanodon Herbivore
73.9%
Carnivore
23%
Parasaurolophus Herbivore
72%
Carnivore
21.6%
Spinosaurus Carnivore
67.6%
Herbivore
28.3%
Allosaurus Carnivore
66.4%
Herbivore
25.9%
Troodon Carnivore
62.9%
Herbivore
30.3%
Nothronychus Herbivore
61.2%
Carnivore
34%
Coelophysis Carnivore
46.1%
Herbivore
46.7%

You're not logged in!

Compare scores with friends on all Sporcle quizzes.
OR
Log In

From the Vault

Wins Against All 30 MLB Teams

by Hejman

You know you've become an ace once you've beat your own team.
Remove Ads.
Support Sporcle.
Get the best of Sporcle when you Go Orange. This ad-free experience offers more features, more stats, and more fun while also helping to support Sporcle. Thank you for becoming a member.

Show Comments

Extras

Top Quizzes Today


Score Distribution

Your Account Isn't Verified!

In order to create a playlist on Sporcle, you need to verify the email address you used during registration. Go to your Sporcle Settings to finish the process.

Report this User

Report this user for behavior that violates our Community Guidelines.

Details: